| 000 | 01013nam a22003377a 4500 | ||
|---|---|---|---|
| 001 | 0479 | ||
| 003 | DO-SdBNP | ||
| 005 | 20180220091653.0 | ||
| 007 | 0479 | ||
| 008 | 151005b 1993 sp a 00| 0 spa d | ||
| 020 | _a8434812665 | ||
| 040 |
_aBPMSU _bspa _cBPMSU |
||
| 092 |
_aXXXX _bXXXX |
||
| 100 | 1 | _aGrin, A. | |
| 240 | 1 | 0 |
_aDas feuerrote segel / _f _l español |
| 245 | 1 | 0 |
_aEl velero rojo / _cA. Grin, W. Fährmamm ; ilustración Arcadio Lobato ; traducción Jesús Larriba ; colección dirigida por Marinella Terzi |
| 250 | _a11a. ed. | ||
| 260 |
_aMadrid : _bEdiciones SM, _c1993. |
||
| 300 |
_a110 p. : _bil. ; _c21 cm. |
||
| 490 | 1 |
_aEl barco de vapor _v22 _6Serie Naranja |
|
| 490 | 1 | _a | |
| 521 | 1 | _aA partir de los 9 años | |
| 700 | 1 | 2 | _aFährmann, W. |
| 700 | 1 | 2 |
_aLobato, Arcadio _eil. |
| 700 | 1 | 2 |
_aLarriba, Jesús _etr. |
| 830 | 0 |
_aBarco de vapor _n _v22 _gSerie Naranja |
|
| 830 | 0 | _a | |
| 942 |
_2ddc _cBK |
||
| 945 | _aInventariado, 2018/ YL | ||
| 956 |
_aYLOCKWARD _2 _6 _b10 _cBPMSU |
||
| 999 |
_c9652 _d9652 |
||